Same TV Show Trios Quiz Stats

Quiz Updated Jan 15, 2015

Also try: Same Novel Trios
Challenge
Share
Tweet
Score 0/10 Timer 04:00
1 Play Today
% Correct
Rachel Green
95.6%
Leonard Hofstadter
88.3%
Ted Mosby
81%
Danny Tanner
76%
Peter Griffin
73.5%
Tyrion Lannister
67.4%
Phil Dunphy
64.7%
Walter White
61.4%
Don Draper
50.3%
Jack Shephard
46%

You're not logged in!

Compare scores with friends on all Sporcle quizzes.
Sign Up with Email
OR
Log In

You Might Also Like...

Show Comments

Extras

Top Quizzes Today


Score Distribution

Your Account Isn't Verified!

In order to create a playlist on Sporcle, you need to verify the email address you used during registration. Go to your Sporcle Settings to finish the process.